000 00579nam a2200229 a 4500
999 _c6919
_d6919
001 6919
003 BD-JhCC
005 20180201094223.0
008 180201s1968 e a|||| || | 001 0 eng d
035 _a(BD-JhCC)6919
040 _aBD-JhCC
_dBD-JhCC
041 _aeng
082 _a940.53
_bBRO 1968
100 _aBrowne, Harry
245 _aThe Second World War /
_cHarry Browne,
260 _aLondon :
_bFaber and Faber,
_c1968
300 _a109 p. :
_c18 cm.
504 _aIncludes Bibliography
650 _aWorld War (1939-1945)
942 _2ddc
_cBK